000 00500nam a22001697a 4500
005 20260112124439.0
020 _a9781441922533
100 _aMartinez-Avendano, Ruben A
_97722
245 _aIntroduction to operators on the hardy hilbert space
260 _aNew York
_bSpringer
_c2007
300 _axii+220
490 _aGraduate texts in mathematics
500 _aGraduate texts in mathematics- 237
650 _aToeplitz operators
_97723
700 _aRosenthal, Peter
_97724
942 _2ddc
_cBK
999 _c754975
_d754975